Theory of measurement
-д хадгалсан:
| Үндсэн зохиолч: | |
|---|---|
| Формат: | Ном |
| Хэл сонгох: | англи |
| Хэвлэсэн: |
Nueva York
John Wiley and Sons
1968
|
| Нөхцлүүд: | |
| Шошгууд: |
Шошго нэмэх
Шошго байхгүй, Энэхүү баримтыг шошголох эхний хүн болох!
|
MARC
| LEADER | 00000nam a2200000 a 4500 | ||
|---|---|---|---|
| 001 | UCP2243 | ||
| 003 | CL-VaPUC | ||
| 005 | 20230620120019.0 | ||
| 008 | 990507e19680000US |||||||||||||||||eng|d | ||
| 999 | |c 280802 |d 280800 | ||
| 040 | |c Pontificia Universidad Católica de Valparaíso | ||
| 082 | 0 | 4 | |a 515.42 |b PFA |2 21 |
| 100 | 0 | |a Pfanzagl, J |e author |9 428810 | |
| 245 | 1 | 0 | |a Theory of measurement |
| 260 | |a Nueva York |b John Wiley and Sons |c 1968 | ||
| 300 | |a 235 p | ||
| 583 | |a last modification |c 19990507 00:00:00 |k Rodrigo Vera | ||
| 650 | 7 | |a Teoría de la medición |2 CL-VaPUC |9 426884 | |
| 650 | 0 | |a Topología |9 260092 | |
| 650 | 0 | |a Teoría de probabilidades |9 336944 | |
| 942 | |c BK |2 ddc | ||
| 945 | |d 19990507 00:00:00 |a crobeson | ||
| 952 | |0 0 |1 0 |4 0 |6 515_420000000000000_PFA_1968 |7 0 |8 A |9 321309 |a BIBMAT |b BIBMAT |d 2019-11-20 |i 1344927 |o 515.42 PFA 1968 |p 1344927 |r 2025-01-07 |w 2019-11-20 |y BK |k MAT | ||
| 952 | |0 0 |1 0 |4 0 |6 515_420000000000000_PFA_1968 |7 0 |8 A |9 321310 |a BIBMAT |b BIBMAT |d 2019-11-20 |i 1344935 |o 515.42 PFA 1968 |p 1344935 |r 2025-01-07 |w 2019-11-20 |y BK |k MAT | ||